Quali di queste nazioni sono stati? - Statistics

Statistiche generali
  • Questo quiz è stato fatto 232 volte
    231 dall'ultimo reset
  • Il punteggio medio è 7 su 12
Answers on the Grid
Answers color-coded by a green-red scale on the quiz's grid according to % correct below.
Giappone
Turchia
Inghilterra
Danimarca
Nicaragua
Cipro del Nord
Tokelau
Groenlandia
Saint Pierre et Miquelon
Singapore
Macao
San Marino
Palestina
Città del Vaticano
Somalia
Guam
Samoa Americane
Isola di Man
Comoros
Kosovo
Transnistria
Abcasia
Guyana Francese
Nuova Caledonia
Wallis et Futuna
Armenia
Tasmania
Polinesia Francese
Porto Rico
Lesotho
 
Statistiche sulle risposte
Risposta % Corretto
Giappone
93%
Turchia
93%
Danimarca
66%
San Marino
62%
Nicaragua
57%
Città del Vaticano
55%
Singapore
54%
Somalia
54%
Armenia
53%
Kosovo
50%
Lesotho
48%
Comoros
45%
Nessun quiz corrispondente trovato
Distribuzione punteggi
Percentuale di utenti per punteggio
Percentile per numero di risposta
I tuoi punteggi nel tempo
Non hai fatto questo quiz dall'ultimo reset